The short Oxford history of English literature / (رقم التسجيلة. 39959)

تفاصيل مارك
000 -الفاتح
حقل البيانات ثابتة الطول 00885cam a2200277 a 4500
001 - رقم الضبط
رقم الضبط 55044713
003 - محدد رقم الضبط
رقم الضبط OSt
005 - وقت وتاريخ اخر تعامل مع التسجيلة
رقم الضبط 20161205115054.0
008 - عناصر البيانات ثابتة الطول - معلومات عامة
حقل البيانات ثابتة الطول 040419s2004 enk b 001 0 eng
010 ## - رقم ضبط مكتبة الكونجرس
رقم ضبط مكتبة الكونجرس 2004049555
015 ## - رقم الببليوجرافية الوطنية
رقم الببليوجرافية الوطنية GBA4-X2150
020 ## - الرقم الدولى المعيارى للكتب
الرقم الدولى المعيارى للكتاب 0199263388 (pbk. : acidfree paper)
020 ## - الرقم الدولى المعيارى للكتب
الرقم الدولى المعيارى للكتاب 9780199263387
040 ## - مصدر الفهرسة
وكالة الفهرسة الأصلية DLC
وكالة النسخ DLC
وكالة التعديل UKM
-- GZM
-- C#P
043 ## - رمز المنطقة الجغرافية
رمز المنطقة الجغرافية e-uk---
082 00 - رقم تصنيف ديوى العشرى
رقم التصنيف 820.9
رقم الطبعة 22
رقم المادة SAS
100 1# - المدخل الرئيسى - إسم شخصى
الإسم الشخصى Sanders, Andrew,
التواريخ المصاحبة للاسم 1946-
9 (RLIN) 8567
245 14 - بيان العنوان
العنوان The short Oxford history of English literature /
بيان المسئوليه,etc Andrew Sanders
250 ## - بيان الطبعة
بيان الطبعة 3rd ed
260 ## - PUBLICATION, DISTRIBUTION, ETC. (IMPRINT)
مكان الناشر او الموزع Oxford ;
-- New York :
اسم الناشر او الموزع Oxford University Press,
تاريخ النشر أو التوزيع 2004
300 ## - الوصف المادى
التعداد vii, 756 p. ;
أبعاد الوعاء 24 cm
504 ## - تبصرة ببليوجرافية
تبصرة ببليوجرافية,الخ Includes bibliographical references (p. [685]-731) and index
650 #0 - المدخل الاضافى بالموضوع-مصطلح موضوعى
مصطلح موضوعي أو اسم جغرافي كعنصر مدخل English literature
التقسيم الفرعي العام History and criticism
9 (RLIN) 57159
651 #0 - المدخل الاضافى بالموضوع - اسم جغرافى
الاسم الجغرافي Great Britain
التقسيم الفرعي العام Intellectual life
9 (RLIN) 57160
942 ## - عناصر المدخل الإضافي( كوها)
مصدر التصنيف او مخطط الترفيف Dewey Decimal Classification
Koha [default] item type كتاب
المقتنيات
حالة الفقد نموذج السعر الفعال حالة تلف ليس للاعارة رقم الطلب تاريخ الاكتساب الموقع الحالي الباركود الفرع الرئيسي Date last seen نوع المادة فى نظام كوها مصدر التصنيف او خطة الترفيف Total Checkouts
  2016-12-16     820.9 SAS 2016-12-16 المكتبة المركزية بالمجمعة (CL) 00655345 المكتبة المركزية بالمجمعة (CL) 2016-12-16 كتاب Dewey Decimal Classification  
  2016-12-16     820.9 SAS 2016-12-16 المكتبة المركزية بالمجمعة (CL) 00655346 المكتبة المركزية بالمجمعة (CL) 2016-12-16 كتاب Dewey Decimal Classification  
  2016-12-16     820.9 SAS 2016-12-16 المكتبة المركزية بالمجمعة (CL) 00655347 المكتبة المركزية بالمجمعة (CL) 2016-12-16 كتاب Dewey Decimal Classification  
  2016-12-21     820.9 SAS 2016-12-21 قسم الاجراءات الفنية (IC) 00655812 قسم الاجراءات الفنية (IC) 2016-12-21 كتاب Dewey Decimal Classification  
  2016-12-21     820.9 SAS 2016-12-21 قسم الاجراءات الفنية (IC) 00655813 قسم الاجراءات الفنية (IC) 2016-12-21 كتاب Dewey Decimal Classification  
  2016-12-21     820.9 SAS 2016-12-21 كلية الشريعة والقانون - طالبات 00655814 كلية الشريعة والقانون - طالبات 2016-12-21 كتاب Dewey Decimal Classification  
  2016-12-21     820.9 SAS 2016-12-21 كلية الشريعة والقانون - طالبات 00655815 كلية الشريعة والقانون - طالبات 2016-12-21 كتاب Dewey Decimal Classification